Cómo se hace una investigación
Guardat en:
| Autors principals: | , , |
|---|---|
| Format: | Llibre |
| Idioma: | espanyol |
| Publicat: |
Barcelona
Gedisa
2000
|
| Edició: | 1a. ed |
| Col·lecció: | Biblioteca de Educación. Herramientas Universitarias, 1
|
| Matèries: | |
| Etiquetes: |
Afegir etiqueta
Sense etiquetes, Sigues el primer a etiquetar aquest registre!
|
MARC
| LEADER | 00000nam a2200000 a 4500 | ||
|---|---|---|---|
| 001 | UCH7865 | ||
| 003 | CL-VaPUC | ||
| 008 | 091126e20000000SP |||||||||||||||||spa|d | ||
| 020 | |a 9788474327267 | ||
| 082 | 0 | 4 | |a 001 |b BLA |2 21 |
| 100 | 0 | |a Blaxter, Loraine |e author |9 544255 | |
| 700 | 0 | |a Hughes, Christina |e author |9 544256 | |
| 700 | 0 | |a Tight, Malcolm |e author |9 544257 | |
| 245 | 1 | 0 | |a Cómo se hace una investigación |
| 250 | |a 1a. ed | ||
| 300 | |a 351 p | ||
| 942 | |c BK | ||
| 945 | |d 20091126 00:00:00 |a cmena | ||
| 260 | |a Barcelona |b Gedisa |c 2000 | ||
| 650 | 0 | |a Métodos de investigación |9 262618 | |
| 650 | 0 | |a Investigación científica |9 259857 | |
| 650 | 0 | |a Técnicas de redacción |9 460283 | |
| 583 | |a last modification |c 20091126 00:00:00 |k Rodrigo Vera | ||
| 490 | 0 | |a Biblioteca de Educación. Herramientas Universitarias, 1 | |
| 999 | |c 338211 |d 338209 | ||
| 952 | |0 0 |1 0 |4 0 |6 001_000000000000000_BLA_2000 |7 0 |8 C |9 431095 |a BIBCUR |b BIBCUR |d 2019-11-22 |i 4554906 |l 2 |m 2 |o 001 BLA 2000 |p 4554906 |r 2025-04-22 |s 2024-06-24 |w 2019-11-22 |y BK |k CAC | ||